| 000 | 00703nam a22002537a 4500 | ||
|---|---|---|---|
| 001 | 0154 | ||
| 003 | DO-SdBNP | ||
| 005 | 20180307132304.0 | ||
| 007 | 0154 | ||
| 008 | 151005b 1969 xxu 00| 0 spa d | ||
| 040 |
_aBPMSU _bspa _cBPMSU |
||
| 092 |
_aXXXX _bXXXX |
||
| 100 | 1 | _aAñorga Larralde, Joaquín | |
| 245 | 1 | 0 |
_aLibro de lectura para el quinto grado / _cJoaquín Añorga Larralde, Osiris de Oleo, Luis V. Concepción C. |
| 246 | 1 | 2 | _aLectura 5 |
| 260 |
_aNew York : _bMinerva, _c1969. |
||
| 300 |
_a207 p. : _bil. _c22 cm. |
||
| 700 | _aOleo, Osiris de | ||
| 700 | _aConcepción C., Luis V. | ||
| 910 | _a202 | ||
| 942 |
_2ddc _cBK |
||
| 945 | _ainventariado, 2018 / dg | ||
| 956 | _aYngrid Lockward | ||
| 999 |
_c9165 _d9165 |
||